Normal view
MARC view
Entry Topical Term
001 - CONTROL NUMBER
- control field: 18642
003 - CONTROL NUMBER IDENTIFIER
- control field: AUA.1
005 - DATE AND TIME OF LATEST TRANSACTION
- control field: 20120111123640.0
008 - FIXED-LENGTH DATA ELEMENTS
- fixed length control field: 120111|||a|||||| | ||| d
040 ## - CATALOGING SOURCE
- Original cataloging agency: AUA.1
- Transcribing agency: AUA.1
150 ## - HEADING--TOPICAL TERM
- Topical term or geographic name as entry element: The Achor Bible:
- Form subdivision: II Corinthians/
670 ## - SOURCE DATA FOUND
- Source citation: Work cat.: (AUA.1): Furnish, Paul Victor 18641, The Achor Bible:, 1964